Overcrowded, under-utilised or just right? A study of office occupational densities in the UK (Record no. 100342)

MARC details
000 -LEADER
fixed length control field 00758cam a2200253 4500
001 - CONTROL NUMBER
control field J105259
008 - FIXED-LENGTH DATA ELEMENTS--GENERAL INFORMATION
fixed length control field 000000n2000 000 0 eng u
035 ## - SYSTEM CONTROL NUMBER
System control number (Sirsi) u105259
050 ## - LIBRARY OF CONGRESS CALL NUMBER
Classification number 725.23
110 ## - MAIN ENTRY--CORPORATE NAME
Corporate name or jurisdiction name as entry element Gerald Eve
9 (RLIN) 151
245 ## - TITLE STATEMENT
Title Overcrowded, under-utilised or just right? A study of office occupational densities in the UK
260 ## - PUBLICATION, DISTRIBUTION, ETC.
Place of publication, distribution, etc. London
Name of publisher, distributor, etc. RICS Research Foundation
Date of publication, distribution, etc. 2000
300 ## - PHYSICAL DESCRIPTION
Extent 31p. ; 30cm
350 ## - PRICE (NR) (BK AM CF MU VM SE) [OBSOLETE]
Price 25.00
650 ## - SUBJECT ADDED ENTRY--TOPICAL TERM
Topical term or geographic name entry element BENCHMARKING
650 ## - SUBJECT ADDED ENTRY--TOPICAL TERM
Topical term or geographic name entry element OFFICE DESIGN
650 ## - SUBJECT ADDED ENTRY--TOPICAL TERM
Topical term or geographic name entry element OFFICE SPACE
650 ## - SUBJECT ADDED ENTRY--TOPICAL TERM
Topical term or geographic name entry element OFFICES
650 ## - SUBJECT ADDED ENTRY--TOPICAL TERM
Topical term or geographic name entry element WORKING PATTERNS
650 ## - SUBJECT ADDED ENTRY--TOPICAL TERM
Topical term or geographic name entry element BUSINESS PREMISES
690 ## - LOCAL SUBJECT ADDED ENTRY--TOPICAL TERM (OCLC, RLIN)
Topical term or geographic name as entry element PROPERTY-COMMERCIAL PROPERTY
710 ## - ADDED ENTRY--CORPORATE NAME
Corporate name or jurisdiction name as entry element Royal Institution of Chartered Surveyors
Subordinate unit Research Foundation
9 (RLIN) 3861
942 ## - ADDED ENTRY ELEMENTS (KOHA)
Suppress in OPAC 0
Holdings
Withdrawn status Lost status Source of classification or shelving scheme Damaged status Not for loan Home library Current library Shelving location Date acquired Cost, normal purchase price Total Checkouts Full call number Barcode Date last seen Copy number Cost, replacement price Price effective from Koha item type Date last checked out
    Dewey Decimal Classification     London London RICS Boxes 17/04/2000 25.00   RICS 2000/30 30061092 06/08/2019 1 25.00 06/08/2019 Archive  
    Dewey Decimal Classification     London London RICS Boxes 17/04/2000 25.00   RICS 2000/30 30061093 06/08/2019 2 25.00 06/08/2019 Reference material  
    Dewey Decimal Classification     London London RICS Boxes 17/04/2000   12 RICS 2000/30 30061094 06/08/2019 3   06/08/2019 Book 02/12/2005